Explorations into the nature of the living cell

Gespeichert in:
Bibliographische Detailangaben
1. Verfasser: Chambers, Robert, 1881-1957
Weitere Verfasser: Chambers, Edward L. (Edward Lucas), 1917- (joint author.)
Format: Buch
Sprache:English
Veröffentlicht: Cambridge, Published for the Commonwealth Fund by Harvard University Press, 1961.
Schlagworte:
LEADER 00976nam a22002411 4500
001 c000040231
003 CARM
005 00000000000000.0
008 730124s1961 maua b 00010 eng
019 1 |a 641298  |5 LACONCORD2021 
035 |a (OCoLC)553118  |5 LACONCORD2021 
050 0 0 |a QH581  |b .C47 
100 1 |a Chambers, Robert,  |d 1881-1957. 
245 1 0 |a Explorations into the nature of the living cell  |c [by] Robert Chambers [and] Edward L. Chambers. 
260 |a Cambridge,  |b Published for the Commonwealth Fund by Harvard University Press,  |c 1961. 
300 |a 352 p.  |b illus.  |c 24 cm. 
504 |a Includes bibliography. 
650 0 |a Cytology. 
700 1 |a Chambers, Edward L.  |q (Edward Lucas),  |d 1917-  |e joint author. 
852 8 |b CARM  |h A2:AD16G0  |i C00660  |p 0034139  |f BK 
082 0 4 |a 574.87 
999 f f |i 8892c553-e08d-5208-8a4c-c53da5b8f519  |s 408e6de4-781d-54ce-ac8d-767dc5ac2f42 
952 f f |p Can circulate  |a CAVAL  |b CAVAL  |c CAVAL  |d CARM 1 Store  |e C00660  |f A2:AD16G0  |h Other scheme  |i book  |m 0034139